000 01285nam0a22002291 4500
001 rc\4078699
005 20250610234708.0
035 _a(NLR Aleph) 007967664
090 _a8439231
_c8439231
100 _a20130415d1951 |||y0rusy50 ca
101 0 _arus
102 _aRU
105 _aa z |||||
200 1 _aКонференция по вопросам травматизма, ортопедии и восстановительной хирургии
_e[Труды]
210 _aЕреван
_cАйпетрат
_d1951
215 _a242 с.
_cил.
_d25
225 1 _aМинистерство здравоохранения Армянской ССР. Ереванский научно-исследовательский институт ортопедии и восстановительной хирургии. Сборник научных трудов
_fЮбилейная респ. конференция по вопросам травматизма, ортопедии и восстановительной хирургии, посвященная 30-летию установления советской власти в Армении. 26-28 окт. 1950 г.
_v2
801 0 _aRU
_bNLR
_gpsbo
801 1 _aRU
_bELAR
_2rusmarc
852 _aNLR
_jП16/367
942 _cBOOK
980 _aNB